Slovensko-nemecký nemecko-slovenský turistický slovník

Salvato in:
Dettagli Bibliografici
Autore principale: Čierna, Mária
Altri autori: Kupkovič, Alexander
Natura: Libro
Lingua:slovacco
Pubblicazione: Bratislava Slov. ped. nakl. 1988
Edizione:2. vyd.
Tags: Aggiungi Tag
Nessun Tag, puoi essere il primo ad aggiungerne!!

MARC

LEADER 00000nam a2200000 4500
001 c026731
005 20250221081440.9
041 0 |a slo 
044 |a SK 
245 1 0 |a Slovensko-nemecký nemecko-slovenský turistický slovník  |c Maria Čierna, Alexander Kupkovič 
250 |a 2. vyd. 
264 1 |a Bratislava  |b Slov. ped. nakl.  |c 1988 
300 |a 200, 107 s. 
100 1 |a Čierna, Mária 
700 1 |a Kupkovič, Alexander